| Tag |
First Indicator |
Second Indicator |
Subfields |
| LEADER |
00000cam a2200000Ii 4500 |
| 001 |
in00003457421 |
| 005 |
20151206092806.0 |
| 008 |
140124t20132013dcua b 000 0 eng d |
| 020 |
|
|
|a 9780309292979
|
| 020 |
|
|
|a 0309292972
|
| 035 |
|
|
|a (OCoLC)ocn869266324
|
| 040 |
|
|
|a BTCTA
|e rda
|c BTCTA
|d AZS
|d NRC
|d YDX
|d NRZ
|d UtOrBLW
|
| 043 |
|
|
|a n-us---
|
| 049 |
|
|
|a TXAM
|
| 090 |
|
|
|a HQ1061
|b .N662 2013
|
| 245 |
0 |
0 |
|a New directions in the sociology of aging /
|c Panel on New Directions in Social Demography, Social Epidemiology, and the Sociology of Aging ; Linda J. Waite and Thomas J. Plewes, editors ; Committee on Population, Division of Behavioral and Social Sciences and Education, National Research Council of the National Academies.
|
| 264 |
|
1 |
|a Washington, D.C. :
|b National Academy Press,
|c [2013]
|
| 264 |
|
4 |
|c ©2013
|
| 300 |
|
|
|a xvi, 299 pages :
|b illustrations ;
|c 23 cm.
|
| 336 |
|
|
|a text
|b txt
|2 rdacontent
|
| 337 |
|
|
|a unmediated
|b n
|2 rdamedia
|
| 338 |
|
|
|a volume
|b nc
|2 rdacarrier
|
| 504 |
|
|
|a Includes bibliographical references.
|
| 650 |
|
0 |
|a Population aging
|x Social aspects
|z United States.
|
| 650 |
|
0 |
|a Population aging
|x Economic aspects
|z United States.
|
| 650 |
|
0 |
|a Population aging
|x Health aspects
|z United States.
|
| 700 |
1 |
|
|a Waite, Linda J.,
|e editor.
|
| 700 |
1 |
|
|a Plewes, Thomas J.,
|e editor.
|
| 710 |
2 |
|
|a National Research Council (U.S.).
|b Panel on New Directions in Social Demography, Social Epidemiology, and the Sociology of Aging,
|e issuing body.
|
| 945 |
|
|
|a PromptCat
|b 693332
|
| 946 |
|
|
|a stk
|
| 947 |
|
|
|a A14840686908
|
| 948 |
|
|
|a cataloged
|b h
|c 2014/3/27
|d c
|e dmitchel
|f 12:44:16 pm
|
| 994 |
|
|
|a 92
|b TXA
|
| 999 |
|
|
|a MARS
|
| 999 |
f |
f |
|s 55639131-b391-3d98-b7f2-3a4a1fe5a731
|i f054aa0a-be57-31a4-901d-db7ba2b36b22
|t 0
|
| 952 |
f |
f |
|p normal
|a Texas A&M University
|b College Station
|c Sterling C. Evans Library
|d Evans: Library Stacks
|t 0
|e HQ1061 .N662 2013
|h Library of Congress classification
|i unmediated -- volume
|m A14840686908
|
| 998 |
f |
f |
|a HQ1061 .N662 2013
|t 0
|l Evans: Library Stacks
|